| 000 | 01399cam a22003374a 4500 | ||
|---|---|---|---|
| 001 | 12832178 | ||
| 003 | OSt | ||
| 005 | 20240110073143.0 | ||
| 008 | 020625s2003 enka 001 0 eng | ||
| 010 | _a 2002073767 | ||
| 020 | _a0521824141 (hbk.) | ||
| 020 | _a0521531004 (pbk.) | ||
| 040 |
_aDLC _cDLC _dDLC |
||
| 042 | _apcc | ||
| 050 | 0 | 0 |
_aQH331 _b.B247 2003 |
| 082 | 0 | 0 | _a570.1 BAR 2003 |
| 100 | 1 |
_aBarbieri, Marcello. _914443 |
|
| 245 | 1 | 4 |
_aThe organic codes : _ban introduction to semantic biology |
| 260 |
_aCambridge: _bCambridge University Press, _c2003. |
||
| 300 |
_axiv, 301 p. : _bill. ; _c24 cm. |
||
| 504 | _aIncludes bibliographical references (p. [279]-293) and index. | ||
| 650 | 0 |
_aBiology _xPhilosophy. _914444 |
|
| 650 | 0 |
_aEvolution (Biology) _913605 |
|
| 856 | 4 | 1 |
_3Sample text _uhttp://www.loc.gov/catdir/samples/cam033/2002073767.html |
| 856 | 4 | 2 |
_3Publisher description _uhttp://www.loc.gov/catdir/description/cam031/2002073767.html |
| 856 | 4 | 1 |
_3Table of contents _uhttp://www.loc.gov/catdir/toc/cam031/2002073767.html |
| 856 | 4 | 2 |
_3Contributor biographical information _uhttp://www.loc.gov/catdir/enhancements/fy0731/2002073767-b.html |
| 906 |
_a7 _bcbc _corignew _d1 _eocip _f20 _gy-gencatlg |
||
| 942 |
_2ddc _cO_SHELF |
||
| 999 |
_c7028 _d7028 |
||